| 000 | 00947nam a2200241Ia 4500 | ||
|---|---|---|---|
| 001 | 401 | ||
| 003 | GE_BSU | ||
| 008 | 181216s||||||||xx |||||||||||||| ||und|| | ||
| 020 | _a9994061194 | ||
| 040 | _cGE_BSU | ||
| 080 | _a91(479.22) | ||
| 245 | _aშრომათა კრებული.ახალი სერია N1(80) | ||
| 245 | _bვახუშტიბაგრატიონის გეოგრაფიის ინსტიტუტი. ეძღვნება პროფესორ დავით წერეთლის 100 წლის საიუბილეო თარიღს | ||
| 245 | _cმთ.რედ. ზ.ტატაშიძე | ||
| 260 | _aთბილისი | ||
| 260 | _bუნივერსალი | ||
| 260 | _c2006 | ||
| 300 | _a528გვ. | ||
| 541 | _h25ლ. | ||
| 653 | _aგეოგრაფია | ||
| 653 | _aშრომათა კრებული | ||
| 942 | _cBK | ||
| 999 |
_c34636 _d34636 |
||